000
00321nam a2200145Ia 4500
008
230718s9999 xx 000 0 und d
041
_a
Eng.
082
_a
341.48
_b
MYN-H
100
_a
Myneni, S.R. Dr
245
0
_a
Human Rights
260
_a
Pakistan
_b
New Dehli
_c
2016
300
_a
492
650
_a
Law
999
_c
31371
_d
31371